000 00939nam a2200265Ia 4500
003 OSt
005 20220923220439.0
006 a|||||r|||| 00| 0
007 ta
008 220922b |||||||| |||| 00| 0 hin d
024 _a186,731
037 _cTextual
040 _aARTS
_cARTS
_bhin
041 _2hin
_ahin
082 _aX.2'D, 152N7
100 _aआनन्द, शशि
245 0 _aमौर्य काल में वित्तीय व्यवस्था का अध्ययन
246 _aMaurya kāl mean vittīya vyavasthā kā adhyayana
260 _aनई दिल्ली
_b क्लासिकल प्रकाशन
_c1997
300 _a201 पृ.
_ccm.
650 _a भारतीय अर्थव्यवस्था
650 _aअर्थशास्त्र
942 _hX.2'D, 152N7
_cTEXL
_2CC
999 _c339974
_d339974